00360nam a2200133Ia 450000500170000000800410001702000150005808200130007310000160008624500140010226000460011630000200016250000440018220250305004047.0240331s9999 xx 000 0 und d a9559757016 bKURa891 aKuruppu,B.B 0aArdhanari aNugegodabPiyasiri Printing systemsc2002 aXvii, 339 p .,  astory of a prisoner in a camp in China